Top 25 Kid Cudi Songs - Statistics

General Stats
  • This quiz has been taken 119 times
  • The average score is 10 of 25
Answer Stats
Hint Answer % Correct
Man On The Moon 1 Pursuit of Happiness
85%
Man On The Moon 3 Tequila Shots
65%
Man On The Moon 2 GHOST!
59%
Man On The Moon 2 Erase Me
58%
Man On The Moon 1 Soundtrack 2 My Life
56%
Indicud Just What I Am
55%
Man On The Moon 1 Cudi Zone
49%
Man On The Moon 1 Up Up and Away
47%
A Kid Named Cudi Man on the Moon
44%
Single Love
42%
Man On The Moon 3 The Void
40%
Man On The Moon 3 Sad People
39%
Man On The Moon 1 Alive
36%
Indicud Unfuckwittable
36%
Man On The Moon 1 Sky Might Fall
34%
Man On The Moon 2 Scott Mescudi Vs. The World
33%
Man On The Moon 3 Another Day
32%
Indicud Immortal
31%
Man On The Moon 3 She Knows This
27%
Man On The Moon 2 All Along
26%
Man On The Moon 2 Trapped In My Mind
26%
Indicud King Wizard
25%
Man On The Moon 2 The End
23%
Man On The Moon 3 Lovin Me
21%
Man On The Moon 3 Solo Dolo Pt III
9%
No matching quizzes found
Score Distribution
Percent of People with Each Score
Percentile by Number Answered
Your Score History
You have not taken this quiz